03414nam a22002297a 4500003000800000008004000008037002000048040002600068041000800094080001300102100003000115245022100145260010000366300002100466500017700487520230500664650004502969655002303014700002903037700002903066710008903095BI-BuBU150202t2014 bd||||dr|||| 000 0 fre d bDon de l'auteur aBI-BuBUbfrecBI-BuBU0 afre a621.316.1 4aut.aHakizimana, Josiane1 aL'entrepreneuriat social au Burundibétude exploratoire de la faisabilité d'un projet de micro-énergie dans les communautés ruralescpar Josiane Hakizimana et Bernard Niyonkuru ; Charles Kabwigiri, directeur aBujumburabUniversité du Burundi, Faculté des Sciences Economiques et Administrativesc2014 aIX-71 f.c30 cm. aMémoire présenté et défendu publiquement en vue de l'obtention du grade de Licencié en Sciences Economiques et Administratives. Option : Gestion et Administration aDans notre travail de recherche intitulé "L'entrepreneuriat social au Burundi : Etude exploratoire de la faisabilité d'un projet de micro énergie dans les communautés rurales", nous nous proposons d'étudier les difficultés rencontrées par les ménages ruraux pour éclairer leurs foyers afin de proposer une innovation sociale visant à répondre à ces problèmes. Le premier chapitre concerne le cadre conceptuel de notre étude. Nous montrons le rôle de l'entrepreneuriat social dans son apport socio-économique en vue d'améliorer les conditions de vies des ménages. L'entrepreneuriat social est conçu comme une voie de satisfaire les besoins les plus cruciaux de la société en se basant sur l'innovation sociale apportée par l'entrepreneur social. Dans le deuxième chapitre nous étudions l'état des lieux sur la pauvreté énergétique au Burundi. Dans ce chapitre, nous présentons la démarche méthodologique adoptée, les résultats de l'enquête et leur analyse. Nos résultats prouvent que les ménages ruraux éprouvent de nombreuses difficultés d'accéder aux sources d'énergie traditionnelles et que leur usage entraine des risque d'accidents et de maladies. Une solution à ces problèmes (usage de l'énergie Nuru) est proposée au cours du troisième chapitre. Dans ce chapitre, nous comparons les dépenses mensuelles liées à l'usage des sources d'énergie traditionnelles avec celle liées à l'usage de l'énergie Nuru. Cette comparaison nous conduit à constater que les ménages ruraux dépensent plus en utilisant les sources d'énergie traditionnelles que s'ils utiliseraient l'énergie Nuru. Après cette comparaison, nous menons une analyse sur la compétitivité de l'énergie Nuru. Par cette analyse nous arrivons a conclure que la taille du marché potentiel est satisfaisante pour ce nouveau produit. Cette analyse est suivie d'une analyse SWOT qui nous amène à conclure que les forces et les opportunités priment sur les faiblesses et menaces. A l'issu de cette étude, nous arrivons à conclure que l'usage de l'énergie Nuru pourrait être une solution face aux problèmes d'éclairage en milieu rural liés à l'usage des sources d'énergie traditionnelles.  72BI-BuBUaEntrepreneuriat socialzBurundi 72BI-BuBUaMémoire1 4aut.aNiyonkuru, Bernard1 4dir.aKabwigiri, Charles1 4aut.aUniversité du BurundibFaculté des Sciences Economiques et Administratives